00739nam a2200241Ia 450000500170000000800410001702000180005804000180007604100080009408200190010210000240012124500740014525000120021926000560023130000240028765000300031165000280034165000310036965000370040070000230043770000170046070000200047720260117101256.0210716s2010 xx 000 0 und d a9788131505632 cAIMIT LIBRARY aeng a651.721bKRIA aKrizan, A C Buddy. aEffective business communication /cBy A. C. Buddy Krizan...[et al.]. a1st ed. aNew Delhi :bCengage Learning India Pvt Ltd ,c2008 a436p. ;c24 cm.bPB aCommunication Environment aEffective Communication aCorrespondence Application aOral and Nonverbal Communication aMerrier, Patricia. aLogan, Joyce aWilliams, Karen